Loading...
| History - American | 0 | 4 | 0 | 0 | 40 | 48 | 69.75 | 0 | 1 | 13.59 | 19.87 |
| Geography | 0 | 3 | 1 | 0 | 25 | 23 | 34.67 | 2 | 3 | 41.55 | 56.67 |
| Literature - World | 0 | 2 | 0 | 1 | 20 | 76 | 95.50 | 0 | 0 | 2.75 | 5.59 |
| Fine Arts - Classical Music | 0 | 2 | 0 | 0 | 20 | 87 | 99.50 | 0 | 0 | 3.17 | 9.79 |
| Fine Arts - Other | 0 | 2 | 0 | 0 | 20 | 59 | 67.50 | 0 | 1 | 7.42 | 8.97 |
| Popular Culture | 0 | 2 | 0 | 0 | 20 | 47 | 54.00 | 0 | 0 | 15.10 | 18.68 |
| Current Events | 0 | 2 | 1 | 0 | 15 | 7 | 26.50 | 1 | 1 | 29.59 | 31.67 |
| Social Science | 0 | 1 | 0 | 0 | 10 | 99 | 99.00 | 0 | 0 | 1.25 | 3.13 |
| Science - Biology | 0 | 1 | 0 | 0 | 10 | 64 | 64.00 | 0 | 0 | 3.15 | 6.06 |
| Science - Chemistry | 0 | 1 | 0 | 0 | 10 | 120 | 120.00 | 0 | 0 | 0.76 | 4.20 |
| History - World | 0 | 1 | 0 | 0 | 10 | 37 | 37.00 | 0 | 0 | 5.95 | 4.55 |
| Philosophy | 0 | 1 | 0 | 0 | 10 | 81 | 81.00 | 0 | 0 | 2.95 | 9.38 |
| Fine Arts - Painting and Sculpture | 0 | 1 | 0 | 0 | 10 | 91 | 91.00 | 0 | 0 | 2.02 | 2.10 |
| History - European | 0 | 1 | 1 | 0 | 5 | 68 | 68.00 | 0 | 0 | 3.20 | 2.80 |
| Religion | 0 | 1 | 1 | 0 | 5 | 64 | 64.00 | 0 | 0 | 3.94 | 4.90 |
| Mythology | 0 | 0 | 1 | 0 | -5 | 0.00 | 0 | 0 | 0.00 | 0.00 |